| 000 | 00547nam a22001817a 4500 | ||
|---|---|---|---|
| 005 | 20211109121004.0 | ||
| 008 | 211109b ||||| |||| 00| 0 eng d | ||
| 020 | _a9789382267249 | ||
| 040 |
_aIN-DiNC _cIN-DiNC |
||
| 041 | _deng | ||
| 082 |
_a823.03 _bREP |
||
| 245 |
_aRepresenting self, critiquing society: _bselections from women's writing/ _cedited by Meenakshi Malhotra |
||
| 260 |
_aDelhi: _bWorldview publications, _c2016 |
||
| 300 | _ax, 337p. | ||
| 650 | _aWomen literature | ||
| 700 |
_aMalhotra, Meenakshi _eEditor |
||
| 942 |
_2ddc _cBK |
||
| 999 |
_c11214 _d11214 |
||